Trends in Israeli democracy : the public's view
Αποθηκεύτηκε σε:
| Κύριος συγγραφέας: | |
|---|---|
| Άλλοι συγγραφείς: | |
| Μορφή: | Βιβλίο |
| Γλώσσα: | English |
| Δημοσίευση: |
London :
Lynne Rienner,
c1992
|
| Σειρά: | Israel Democracy Institute policy study
|
| Θέματα: | |
| Ετικέτες: |
Προσθήκη ετικέτας
Δεν υπάρχουν, Καταχωρήστε ετικέτα πρώτοι!
|
MARC
| LEADER | 00000nam a2200000 i 4500 | ||
|---|---|---|---|
| 001 | 1/66537 | ||
| 008 | 990115s1992 eng d | ||
| 020 | |a 1-55587-308-1 | ||
| 035 | |l 10047322 | ||
| 040 | |a GR-MY-UA |b gre |e aacr | ||
| 041 | 0 | |a eng | |
| 082 | 0 | |a 956.9405 | |
| 100 | 1 | |a Peres, Yochanan. | |
| 245 | 1 | 0 | |a Trends in Israeli democracy : |b the public's view / |c Yochanan Peres and Ephraim Yuchtman-Yaar |
| 260 | |a London : |b Lynne Rienner, |c c1992 | ||
| 300 | |a 59 p. |b tables | ||
| 490 | 1 | |a Israel Democracy Institute policy study | |
| 504 | |a Includes bibliographical references | ||
| 650 | 0 | 0 | |a Democracy |z Israel |x Public opinion. |
| 650 | 0 | 0 | |a Public opinion |z Israel. |
| 651 | 0 | |a Israel |x Politics and government |x Public opinion. | |
| 700 | 1 | |a Yuchtman-Yaar, Ephraim. | |
| 830 | 0 | |a Israel Democracy Institute policy study | |
| 852 | |a INST |b LESVOS |e 19990115 |h 956.9405 PER |p 005100016983 |q 005100016983 |t BK |y 0 | ||
| 901 | |a BIBL-1999-1 | ||
| 909 | |a Λ |b 061607 | ||
| 922 | |a 1ΕΛΗ |b 199812 |c ΚΠΣ/ΤΚ |d ΠΑΠΑΣΩΤΗΡΙΟΥ | ||
| 950 | |a 103-1998-07-27 | ||